Hydrologické dny 2000 : nové podněty a vize pro příští století. Díl 1 : sborník z 5. národní konference konané v Plzni ve dnech 18.-21.9.2000 /

Další autoři: Tesař, Miroslav, 1956-, Bucek, Josef, Hydrologické dny 2000
Jazyk: Čeština
Vydáno: Praha : Český hydrometeorologický ústav, 2000
Vydání: 1. vyd.
Témata:
Fyzický popis: xii, 238 s. : mapy ; 30 cm
Knihy
Uloženo v:
LEADER 01220nam a2200313 a 4500
001 000532740
003 CZ BrMZK
005 20140221142355.0
007 ta
008 010907s2000 xr f cze d
020 |a 80-85813-76-9 
040 |a BOA001  |b cze 
072 7 |a 556  |x Hydrologie  |2 Konspekt  |9 7 
080 |a 556  |2 MRF 
080 |a (062.534)  |2 MRF 
245 0 0 |a Hydrologické dny 2000 :  |b nové podněty a vize pro příští století.  |n Díl 1 : sborník z 5. národní konference konané v Plzni ve dnech 18.-21.9.2000 /  |c [redakce Josef Bucek a Miroslav Tesař] 
246 3 3 |a Nové podněty a vize pro příští století 
250 |a 1. vyd. 
260 |a Praha :  |b Český hydrometeorologický ústav,  |c 2000 
300 |a xii, 238 s. :  |b mapy ;  |c 30 cm 
500 |a Bibliogr. 
650 0 7 |a hydrologie  |7 ph114739  |2 czenas 
655 7 |a sborníky konferencí  |7 fd133333  |2 czenas 
700 1 |a Tesař, Miroslav,  |d 1956-  |7 mzk2004217489  |4 edt 
700 1 |a Bucek, Josef  |7 mzk2014809138  |4 edt 
711 2 |a Hydrologické dny 2000  |c (Plzeň, Česko)  |7 ko2004246120 
910 |a BOA001  |b 4-1077.006,1 
990 |a BK 
996 6 |b 2610121205  |c 4-1077.006,1  |l MZK  |r Sklad / do 1 hodiny  |n 1  |p p.v.  |w 000532740  |u 000010  |a 1  |e BOA001  |j MZK50  |s P